000
00248nam a22001097a 4500
003
OSt
008
241219b |||||||| |||| 00| 0 eng d
041
_a
eng
245
_a
Kaarshika Vijnana Vyaapanam
260
_b
Kerala Bhaasha Institute
942
_c
BK
999
_c
18703
_d
18703